|
|
|
|
| LEADER |
01235nam a2200301 a 4500 |
| 001 |
545450 |
| 008 |
091019r19931987ii b 000 0 eng d |
| 010 |
|
|
|a 87904478
|
| 020 |
|
|
|c Rs60.00
|
| 040 |
|
|
|a DLC
|c DLC
|d DLC
|
| 082 |
0 |
0 |
|a 340/.115
|2 19
|
| 100 |
2 |
|
|a Krishna Iyer, V. R.,
|d 1915-
|
| 245 |
1 |
0 |
|a Social justice :
|b sunset or dawn /
|c V.R. Krishna Iyer ; with a foreword by J.M. Shelat.
|
| 250 |
|
|
|a 2nd ed.
|
| 260 |
|
|
|a Lucknow :
|b Eastern Book Co.,
|c 1987.[reprinted 1993]
|
| 300 |
|
|
|a xiv, 157 p. ;
|c 24 cm.
|
| 490 |
1 |
|
|a Sulakhani Mahajan memorial lectures ;
|v 1979
|
| 500 |
|
|
|a Rev. ed. of: Some half-hidden aspects of Indian social justice, 1980.
|
| 504 |
|
|
|a Includes bibliographical references.
|
| 541 |
1 |
|
|e 00012559
|
| 650 |
|
0 |
|a Sociological jurisprudence.
|
| 650 |
|
0 |
|a Law
|z India.
|
| 650 |
|
0 |
|a Social justice.
|
| 700 |
2 |
|
|a Krishna Iyer, V. R.,
|d 1915-
|t Some half-hidden aspects of Indian social justice.
|
| 830 |
|
0 |
|a Sulakhani Devi Mahajan memorial lectures ;
|v 1979.
|
| 852 |
4 |
|
|a Ayesha Abed Library
|j General Shelf.
|
| 999 |
|
|
|c 4736
|d 4736
|
| 952 |
|
|
|0 0
|1 0
|2 ddc
|4 0
|6 340_115000000000000_KRI
|7 0
|9 4543
|a BRACUL
|b BRACUL
|c GEN
|d 2009-10-19
|g 90.00
|l 1
|m 5
|o 340.115 KRI
|p 3010012559
|r 2017-01-15
|s 2016-12-12
|t 1
|w 2009-10-19
|y BK
|